Missale Romanum, or, The depth and mystery of the Roman Mass. : Laid open and explained for the use of both reformed and un-reformed Christians. /

Bibliographic Details
Main Author: Brevint, Daniel, 1616-1695
Format: eBook
Language:English
Published: Oxford, : Printed at the Theater, 1684.
Edition:Last edition reviewed by the author.
Series:Early English books online.
Subjects:
Online Access:Connect to the full text of this electronic book

MARC

Tag First Indicator Second Indicator Subfields
LEADER 00000nam a2200000Ia 4500
001 in00004331613
005 20200812091540.0
006 m g d
007 cr bn |||a|bb|
008 031028s1684 enk o 000 0 eng d
035 |a (OCoLC)53298974 
040 |a EAE  |c EAE  |e dcrb 
037 |a CL0037000122  |b ProQuest Information and Learning. 300 N. Zeeb Rd., Ann Arbor, MI 48106 
090 |a BX2230  |b .B7 1684 
049 |a UMIA 
100 1 |a Brevint, Daniel,  |d 1616-1695. 
245 1 0 |a Missale Romanum, or, The depth and mystery of the Roman Mass. :  |b Laid open and explained for the use of both reformed and un-reformed Christians. /  |c by Dan. Brevint, D.D. 
246 3 0 |a Depth and mystery of the Roman Mass 
250 |a Last edition reviewed by the author. 
260 |a Oxford, :  |b Printed at the Theater,  |c 1684. 
300 |a 1 online resource ([12], 250 pages) 
336 |a text  |b txt  |2 rdacontent 
337 |a computer  |b c  |2 rdamedia 
338 |a online resource  |b cr  |2 rdacarrier 
500 |a Imperfect: tightly bound with loss of text. 
500 |a Spliced at end. 
500 |a Reproduction of original in: British Library. 
510 4 |a Wing (2nd edition)  |c B4419aA 
533 |a Electronic reproduction.  |b Ann Arbor, Mich. :  |c UMI,  |d 1999-  |f (Early English books online)  |n Digital version of: (Early English Books, 1641-1700 ; 2801:7)  |7 s1999 miun s 
650 0 |a Mass  |v Early works to 1800. 
610 2 0 |a Catholic Church  |v Controversial literature  |v Early works to 1800. 
830 0 |a Early English books online. 
856 4 0 |u http://proxy.library.tamu.edu/login?url=https://search.proquest.com/docview/2240873839  |z Connect to the full text of this electronic book  |t 0 
999 f f |s ab4db775-5794-3efa-bb96-6cfcb3268b9d  |i e40a6374-840c-315e-80be-5ab60cfc689a  |t 0 
952 f f |a Texas A&M University  |b College Station  |c Electronic Resources  |d Available Online  |t 0  |e BX2230 .B7 1684  |h Library of Congress classification 
998 f f |a BX2230 .B7 1684  |t 0  |l Available Online